বঙ্কিমচন্দ্রজীবনী / (Record no. 39320)
[ view plain ]
| 000 -LEADER | |
|---|---|
| fixed length control field | 01040nam a2200241 a 4500 |
| 001 - CONTROL NUMBER | |
| control field | 39320 |
| 003 - CONTROL NUMBER IDENTIFIER | |
| rucl marc code | BD-RjUL |
| 005 - DATE AND TIME OF LATEST TRANSACTION | |
| control field | 20211209052951.0 |
| 008 - FIXED-LENGTH DATA ELEMENTS--GENERAL INFORMATION | |
| fixed length control field | 160407r20121991ii ||||| |||| 001 |dben d |
| 020 ## - INTERNATIONAL STANDARD BOOK NUMBER | |
| International Standard Book Number | 8170669677 |
| Terms of availability | : Tk. 900.00 |
| 035 ## - SYSTEM CONTROL NUMBER | |
| System control number | (BD-RjUL) 39433 |
| 040 ## - CATALOGING SOURCE | |
| Original cataloging agency | BD-RjUL |
| Language of cataloging | ben |
| Transcribing agency | BD-RjUL |
| 041 ## - LANGUAGE CODE | |
| Language code of text/sound track or separate title | ben |
| 082 ## - DEWEY DECIMAL CLASSIFICATION NUMBER | |
| Edition number | 23 |
| Classification number | 891.44092 |
| Author mark and year | BHB 2012 |
| 100 ## - MAIN ENTRY--PERSONAL NAME | |
| Personal name | ভট্টাচার্য, অমিত্রসূদন |
| 9 (RLIN) | 121202 |
| 245 10 - TITLE STATEMENT | |
| Title | বঙ্কিমচন্দ্রজীবনী / |
| Statement of responsibility, etc. | অমিত্রসূদন ভট্টাচার্য |
| 260 ## - PUBLICATION, DISTRIBUTION, ETC. (IMPRINT) | |
| Place of publication, distribution, etc. | কলকাতা : |
| Name of publisher, distributor, etc. | আনন্দ, |
| Date of publication, distribution, etc. | ১৯৯১ [মুদ্রণ ২০১২] |
| 300 ## - PHYSICAL DESCRIPTION | |
| Pagination | ৮৩২ পৃ. ; |
| Size | ২২ সেমি. |
| 500 ## - GENERAL NOTE | |
| General note | নির্ঘণ্ট সংযুক্ত। |
| 600 ## - SUBJECT ADDED ENTRY--PERSONAL NAME | |
| Personal name | চট্টপাধ্যায়, বঙ্কিমচন্দ্র |
| Dates associated with a name | ১৮৩৮-১৮৯৪ |
| General subdivision | জীবনী |
| Personal name | Cattopadhyaya, Bankimacandra, |
| Dates associated with a name | 1838-1894. |
| General subdivision | Biography |
| 942 ## - ADDED ENTRY ELEMENTS (KOHA) | |
| Source of classification or shelving scheme | Dewey Decimal Classification |
| Koha item type | Books |
| Lost status | Source of classification or shelving scheme | Damaged status | Not for loan | Collection code | Permanent Location | Current Location | Shelving location | Date acquired | Source of acquisition | Cost, normal purchase price | Total Checkouts | Full call number | Date last seen | Copy number | Koha item type | Total Renewals | Date checked out |
|---|---|---|---|---|---|---|---|---|---|---|---|---|---|---|---|---|---|
| Dewey Decimal Classification | Not For Loan | Non-fiction | Central Library, University of Rajshahi | Central Library, University of Rajshahi | Reading Room | 23/06/2015 | Batighor, Chitagang | 900.00 | B 891.44092 BHB 2012 | 07/04/2016 | C-1 | Books | |||||
| Dewey Decimal Classification | Non-fiction | Central Library, University of Rajshahi | Central Library, University of Rajshahi | 23/06/2015 | Batighor, Chitagang | 900.00 | 3 | B 891.44092 BHB 2012 | 03/09/2018 | C-2 | Books | 1 | 12/08/2018 |